000
00339nam a2200133Ia 4500
008
250601s9999 xx 000 0 und d
020
_a
9788175974852
041
_a
eng
100
_a
Tejomayananda
_9
185046
245
_a
Amrtabindu Upanisad
250
_a
1st Ed.
260
_b
Central Chinmaya Misssion trust, Mumbai
_c
2010
300
_a
79
999
_c
366861
_d
366861